000 00763nam a2200253Ia 4500
003 OSt
005 20220918222305.0
006 a|||||r|||| 00| 0
007 ta
008 220917b |||||||| |||| 00| 0 eng d
024 _a216,351
037 _cTextual
040 _aARTS
_cARTS
_beng
041 _2eng
_aeng
082 _aW6:1(X).2z7, P1-;2
100 _aJayal Niraja Gopal Ed.
245 0 _aDemocratic governance in India
_b Challenges of poverty,developement,and identity
260 _aNew Delhi
_bSage publications
_c2001
300 _a264p
_ccm.
650 _aPOLITICAL SCIENCE
700 _a Pai Sudha Ed.
_914512
942 _hW6:1(X).2z7, P1-;2
_cTEXL
_2CC
999 _c275093
_d275093